| 000 | 00540nam a2200181 a 4500 | ||
|---|---|---|---|
| 001 | 3593 | ||
| 003 | CDMR | ||
| 005 | 20131024125413.0 | ||
| 008 | 130130s1989||||||||||||||||||||||||||||d | ||
| 020 | _a0333423660 | ||
| 040 |
_aCDMR _bcat _cCDMR |
||
| 100 | 1 |
_aLewis, Peter Michael _92562 |
|
| 245 | 1 | 4 |
_aThe invisible medium _b: public, commercial and community radio _cPeter M. Lewis and Jerry Booth |
| 260 |
_aLondon _c1989 _bMacmillan |
||
| 490 | 0 | _aCommunications and culture | |
| 650 | 0 | 4 |
_9596 _aRàdio _xGestió d´emissores |
| 942 |
_cMON _2udc |
||
| 999 |
_c3593 _d3593 |
||